| 000 | 00547nam a22001937a 4500 | ||
|---|---|---|---|
| 003 | OSt | ||
| 005 | 20140310181751.0 | ||
| 008 | 130627t xxu||||| |||| 00| 0 eng d | ||
| 020 | _a2002020743 | ||
| 050 |
_aPL 6058.9 _b.A536 2003 |
||
| 082 |
_aFIL 398.9 _bAn1 2003 |
||
| 100 | _aReyes, Severino | ||
| 245 |
_aMga salawikain / _cmuling isinalaysay ni Jesus Anayo ; guhit ni M R K. |
||
| 260 |
_aManila, Philippines : _bBughaw Publishing, _cc2003. |
||
| 300 |
_a48 p. : _bill. ; _c19 cm. |
||
| 562 | _e1 | ||
| 942 |
_2lcc _cBK |
||
| 999 |
_c3216 _d3216 |
||